Local planners caught in dogfight over airfield use. (Record no. 60484)

MARC details
000 -LEADER
fixed length control field 00904cam a2200217 4500
001 - CONTROL NUMBER
control field ABS60833
008 - FIXED-LENGTH DATA ELEMENTS--GENERAL INFORMATION
fixed length control field 000000n1999 000 0 eng u
035 ## - SYSTEM CONTROL NUMBER
System control number (Sirsi) u101337
100 ## - MAIN ENTRY--PERSONAL NAME
Personal name Bell, P.
245 ## - TITLE STATEMENT
Title Local planners caught in dogfight over airfield use.
260 ## - PUBLICATION, DISTRIBUTION, ETC.
Date of publication, distribution, etc. 1999
490 ## - SERIES STATEMENT
Series statement Planning (for the Natural and Built Environment)
Volume/sequential designation (1324) 25 June 1999, 20-21(2)
520 ## - SUMMARY, ETC.
Summary, etc. A report on airfield sites carried out for the Economic and Social Research Council indicates that many local authorities find it difficult to reconcile the conflicting interests of developers, flying groups and local residents. Suggests improved guidance and a revised regulatory framework as a way forward.
650 ## - SUBJECT ADDED ENTRY--TOPICAL TERM
Topical term or geographic name entry element AIRFIELD
650 ## - SUBJECT ADDED ENTRY--TOPICAL TERM
Topical term or geographic name entry element REDEVELOPMENT
650 ## - SUBJECT ADDED ENTRY--TOPICAL TERM
Topical term or geographic name entry element LOCAL AUTHORITIES
650 ## - SUBJECT ADDED ENTRY--TOPICAL TERM
Topical term or geographic name entry element CHANGE OF USE
690 ## - LOCAL SUBJECT ADDED ENTRY--TOPICAL TERM (OCLC, RLIN)
Topical term or geographic name as entry element PLANNING LAW AND PRACTICE
700 ## - ADDED ENTRY--PERSONAL NAME
Personal name Gallent, N.
942 ## - ADDED ENTRY ELEMENTS (KOHA)
Suppress in OPAC 0
Holdings
Withdrawn status Lost status Source of classification or shelving scheme Damaged status Not for loan Home library Current library Shelving location Date acquired Total Checkouts Full call number Barcode Date last seen Copy number Price effective from Koha item type
    Dewey Decimal Classification     London London Journal article 03/11/1999   ABS60833 101337-1001 06/08/2019 1 06/08/2019 Journal article